书目信息 |
| 题名: |
建筑概论:给水排水专业(第二版)
|
|
| 作者: | 杨永祥 , 赵素芳 编 | |
| 分册: | ||
| 出版信息: | 北京 中国建筑工业出版社 1990.06 |
|
| 页数: | 154页 | |
| 开本: | 16开 | |
| 丛书名: | ||
| 单 册: | ||
| 中图分类: | TU99-43 | |
| 科图分类: | ||
| 主题词: | 市政工程 | |
| 电子资源: | ||
| ISBN: | 7-112-00999-5 | |
| 000 | 00623nam0 2200193 45 | |
| 001 | 0012091427 | |
| 005 | 20150427090201.96 | |
| 010 | @a7-112-00999-5@d10.50元 | |
| 100 | @a20001209d1990 km y0chiy0120 ea | |
| 101 | 0 | @achi |
| 200 | 1 | @a建筑概论:给水排水专业(第二版)@AJian Zhu Gai Lun:Gei Shui Pai Shui Zhuan Ye(Di Er Ban)@f杨永祥,赵素芳编@FYang Yong Xiang,Zhao Su Fang Bian |
| 210 | @a北京@c中国建筑工业出版社@d1990.06 | |
| 215 | @a154页@d16开 | |
| 606 | 0 | @a市政工程 |
| 690 | @aTU99-43@v3 | |
| 701 | 0 | @a杨永祥@4编 |
| 701 | 0 | @a赵素芳@4编 |
| 801 | @aCN@bPftUser@c20001209 | |
| 905 | @b301035-044@dTU99-43@eY903=2@f10 | |
| 建筑概论:给水排水专业(第二版)/杨永祥,赵素芳编.-北京:中国建筑工业出版社,1990.06 |
| 154页;16开 |
| ISBN 7-112-00999-5:10.50元 |
| ● |
| 相关链接 |
|
|
|
正题名:建筑概论:给水排水专业(第二版)
索取号:TU99-43/Y903=2
 
预约/预借
| 序号 | 登录号 | 条形码 | 馆藏地/架位号 | 状态 | 备注 |
| 1 | 301035 | 203010357 | 自科二线404/404自科库 19排3列3层/ [索取号:TU99-43/Y903=2] | 在馆 | |
| 2 | 301036 | 203010366 | 自科二线404/404自科库 19排3列3层/ [索取号:TU99-43/Y903=2] | 在馆 | |
| 3 | 301037 | 203010375 | 自科二线404/404自科库 19排3列3层/ [索取号:TU99-43/Y903=2] | 在馆 | |
| 4 | 301038 | 203010384 | 自科二线404/404自科库 19排3列3层/ [索取号:TU99-43/Y903=2] | 在馆 | |
| 5 | 301039 | 203010393 | 自科二线404/404自科库 19排3列3层/ [索取号:TU99-43/Y903=2] | 在馆 | |
| 6 | 301040 | 203010400 | 自科二线404/404自科库 21排2列3层/ [索取号:TU99-43/Y903=2] | 在馆 | |
| 7 | 301041 | 203010419 | 建筑库201/201建筑库 123排2列4层/ [索取号:TU99-43/Y903=2] | 在馆 | |
| 8 | 301042 | 203010428 | 自科二线404/404自科库 21排2列3层/ [索取号:TU99-43/Y903=2] | 在馆 | |
| 9 | 301043 | 203010437 | 自科二线404/404自科库 19排3列3层/ [索取号:TU99-43/Y903=2] | 在馆 | |
| 10 | 301044 | 203010446 | 自科二线404/404自科库 21排2列3层/ [索取号:TU99-43/Y903=2] | 在馆 | |
| 11 | 496612 | 204966126 | 能源与建筑环境工程学院资料室/ [索取号:TU99-43/Y903=2] | 在馆 |